<?xml version="1.0" encoding="UTF-8"?>
<record
    xmlns:xsi="http://www.w3.org/2001/XMLSchema-instance"
    xsi:schemaLocation="http://www.loc.gov/MARC21/slim http://www.loc.gov/standards/marcxml/schema/MARC21slim.xsd"
    xmlns="http://www.loc.gov/MARC21/slim">

  <leader>01497    a2200217   4500</leader>
  <controlfield tag="001">63953</controlfield>
  <controlfield tag="005">20260521160827.0</controlfield>
  <controlfield tag="008">260521a1967    arg                 spa d</controlfield>
  <controlfield tag="003">AR-UNSa-BCEJYS</controlfield>
  <datafield tag="040" ind1=" " ind2=" ">
    <subfield code="a">AR-UNSa-BCEJYS</subfield>
    <subfield code="b">spa</subfield>
    <subfield code="c">AR-UNSa-BCEJYS</subfield>
  </datafield>
  <datafield tag="080" ind1=" " ind2=" ">
    <subfield code="a">658.5.012.7</subfield>
    <subfield code="x">Control de la producci&#xF3;n</subfield>
  </datafield>
  <datafield tag="245" ind1="1" ind2="0">
    <subfield code="a">Las modernas t&#xE9;cnicas de control de gesti&#xF3;n</subfield>
  </datafield>
  <datafield tag="264" ind1=" " ind2="1">
    <subfield code="a">Bilbao :</subfield>
    <subfield code="b">Ediciones Deusto</subfield>
    <subfield code="c">1967</subfield>
  </datafield>
  <datafield tag="300" ind1=" " ind2=" ">
    <subfield code="a">344 p.</subfield>
    <subfield code="c">21 cm.</subfield>
  </datafield>
  <datafield tag="505" ind1=" " ind2=" ">
    <subfield code="a">1. Las finalidades del control de gesti&#xF3;n - 2. Principios y m&#xE9;todos del control de gesti&#xF3;n - 3. Los instrumentos del control de gesti&#xF3;n - 4. La organizaci&#xF3;n de la empresa en funci&#xF3;n del control de gesti&#xF3;n - 5. La implantaci&#xF3;n de la contabilidad en funci&#xF3;n del control de gesti&#xF3;n - 6. Un sistema de &#xED;ndices empresariales y su utilizaci&#xF3;n para los fines de la empresa - 7. Un caso pr&#xE1;ctico de aplicaci&#xF3;n de los principios y t&#xE9;cnicas del control de gesti&#xF3;n en una peque&#xF1;a empresa - 8. Caso pr&#xE1;ctico de aplicaci&#xF3;n de los principios y t&#xE9;cnicas del control de gesti&#xF3;n en una peque&#xF1;a empresa de tipo medio, con especial atenci&#xF3;n a los presupuestos de ventas, producci&#xF3;n y existencias - 9. Presupuestos de inversiones y presupuestos financieros - 10. T&#xE9;cnicas modernas para la previsi&#xF3;n, el control y el an&#xE1;lisis de las desviaciones - </subfield>
  </datafield>
  <datafield tag="041" ind1=" " ind2=" ">
    <subfield code="a">spa</subfield>
  </datafield>
  <datafield tag="942" ind1=" " ind2=" ">
    <subfield code="c">BK</subfield>
  </datafield>
  <datafield tag="590" ind1=" " ind2=" ">
    <subfield code="a">niveau_biblio:m niveau_hierar:0</subfield>
  </datafield>
  <datafield tag="100" ind1="1" ind2=" ">
    <subfield code="a">Instituto de Estudios Econ&#xF3;micos y Organizativos (ISEO)</subfield>
  </datafield>
  <datafield tag="700" ind1="1" ind2=" ">
    <subfield code="a">San Juan, Gregorio</subfield>
  </datafield>
  <datafield tag="999" ind1=" " ind2=" ">
    <subfield code="c">36431</subfield>
    <subfield code="d">36431</subfield>
  </datafield>
  <datafield tag="952" ind1=" " ind2=" ">
    <subfield code="0">0</subfield>
    <subfield code="1">0</subfield>
    <subfield code="4">0</subfield>
    <subfield code="7">0</subfield>
    <subfield code="a">BCEJYS</subfield>
    <subfield code="b">BCEJYS</subfield>
    <subfield code="c">16</subfield>
    <subfield code="d">2026-05-21</subfield>
    <subfield code="l">0</subfield>
    <subfield code="o">658.5.012.7 I59</subfield>
    <subfield code="p">L21939</subfield>
    <subfield code="r">2026-05-21 16:08:27</subfield>
    <subfield code="w">2026-05-21</subfield>
    <subfield code="y">L</subfield>
  </datafield>
</record>
